Central Library OPAC University of Rajshahi
Normal view MARC view

Entry Personal Name

Number of records used in: 5

001 - CONTROL NUMBER

  • control field: 5792

003 - CONTROL NUMBER IDENTIFIER

  • control field: BD-RjUL

005 - DATE AND TIME OF LATEST TRANSACTION

  • control field: 20221110160107.0

008 - FIXED-LENGTH DATA ELEMENTS

  • fixed length control field: 221110|| aca||aabn | a|a d

040 ## - CATALOGING SOURCE

  • Original cataloging agency: BD-RjUL
  • Transcribing agency: BD-RjUL

100 ## - HEADING--PERSONAL NAME

  • Personal name: KHAN, MD. MASUDUL HASAN

670 ## - SOURCE DATA FOUND

  • Source citation: Work cat.: (BD-RjUL)80753: KHAN, MD. MASUDUL HASAN, Impact of Wild and Farmed Fish Consumption on the Typical Health Parameters of Experimental Rat :, 2012